Statistics for Dog Breeds by Picture - Working Group

Click here to take the quiz!

General Stats

  • This quiz has been taken 213 times
  • The average score is 10 of 16

Answer Stats

Answer% Correct
Rottweiler
94%
Siberian Husky
90%
St Bernard
87%
Boxer
85%
Dobermann
78%
Alaskan Malamute
77%
Bernese Mountain Dog
70%
Newfoundland
69%
Great Dane
65%
Bullmastiff
51%
Portuguese Water Dog
50%
Leonberger
41%
Giant Schnauzer
35%
Dogue de Bordeaux
27%
Neapolitan Mastiff
23%
Bouvier des Flandres
15%

Score Distribution

Percentile by Number Answered

Percent of People with Each Score

Your Score History

You have not taken this quiz